Movies Quiz

Random Movies or Nominee Quiz

Best Actor Nominations ('90s) Quiz Stats

 Plays Quiz Updated Oct 11, 2018

Score 0/50 Timer 08:00
0 Plays Today
Movie Actor % Correct
Philadelphia*Tom Hanks
98.9%
Forrest Gump*Tom Hanks
98.9%
Saving Private RyanTom Hanks
98.9%
Jerry MaguireTom Cruise
94.8%
Pulp FictionJohn Travolta
92.7%
Good Will HuntingMatt Damon
92%
The Silence of the Lambs*Anthony Hopkins
90.4%
The Remains of the DayAnthony Hopkins
90.4%
NixonAnthony Hopkins
90.4%
Dances With WolvesKevin Costner
89.8%
Malcolm XDenzel Washington
89.7%
The HurricaneDenzel Washington
89.7%
The Shawshank RedemptionMorgan Freeman
85.9%
As Good As It Gets*Jack Nicholson
85.3%
American Beauty*Kevin Spacey
84.9%
Scent of a Woman*Al Pacino
83.2%
AwakeningsRobert de Niro
80.5%
Cape FearRobert de Niro
80.5%
Leaving Las Vegas*Nicolas Cage
76.5%
UnforgivenClint Eastwood
74.5%
American History XEdward Norton
74.4%
Schindler's ListLiam Neeson
73.4%
The Fisher KingRobin Williams
68.2%
Dead Man WalkingSean Penn
67.3%
Sweet and LowdownSean Penn
67.3%
Movie Actor % Correct
The People vs. Larry FlyntWoody Harrelson
65%
ChaplinRobert Downey Jr.
63.7%
The English PatientRalph Fiennes
61.1%
Wag the DogDustin Hoffman
58.3%
Mr. Holland's OpusRichard Dreyfuss
58.3%
Sling BladeBilly Bob Thornton
55.7%
In the Name of the FatherDaniel Day Lewis
53.8%
BugsyWarren Beatty
53.2%
The InsiderRussell Crowe
53%
Shine*Geoffrey Rush
47.7%
The Prince of TidesNick Nolte
46.5%
AfflictionNick Nolte
46.5%
Life is Beautiful*Roberto Benigni
41.7%
Reversal of Fortune*Jeremy Irons
38.8%
The ApostleRobert Duvall
37.6%
Ulee's GoldPeter Fonda
35.1%
Nobody's FoolPaul Newman
32.1%
What's Love Got to Do With ItLaurence Fishburne
31.8%
Cyrano de BergeracGérard Depardieu
30.5%
Gods and MonstersIan McKellen
27.4%
The Crying GameStephen Rea
24.7%
The FieldRichard Harris
16%
The Madness of King GeorgeNigel Hawthorne
14.2%
The Straight StoryRichard Farnsworth
13.5%
Il PostinoMassimo Troisi
7.5%

You're not logged in!

Compare scores with friends on all Sporcle quizzes.
OR
Log In

Sporcle TV

Today on Sporcle TV


Watch our educational content, quiz creation guides, and fun videos on Sporcle TV.

Show Comments

Extras

Top Quizzes Today


Score Distribution

Your Account Isn't Verified!

In order to create a playlist on Sporcle, you need to verify the email address you used during registration. Go to your Sporcle Settings to finish the process.

Report this User

Report this user for behavior that violates our Community Guidelines.

Details: